Capital Cites of Republic of Korea (South Korea) Since 1919 - Statistics

General Stats
  • This quiz has been taken 6 times
  • The average score is 12 of 18
Answer Stats
Era From To Capital City % Correct
Republic of Korea 1950.7 1953.8 Pusan
100%
Transitional Government 1945.11 1948.8 Seoul
100%
Republic of Korea 1948.8 1950.6 Seoul
100%
Republic of Korea 1953.8 now Seoul
100%
Republic of Korea 1950.7 1950.7 Taegu
100%
Provisional Government 1940.9 1945.11 Chungking
75%
Provisional Government 1937.11 1937.12 Hankou
75%
Provisional Government 1932.11 1937.11 Nanking
75%
Provisional Government 1919.4 1932.5 Shanghai
75%
Republic of Korea 1950.6 1950.7 Taejon
75%
Provisional Government 1938.7 1938.11 Canton
50%
Provisional Government 1937.12 1938.7 Changsha
50%
Provisional Government 1932.5 1935.10 Hangchow
50%
Provisional Government 1932.10 1932.11 Chinkiang
25%
Provisional Government 1935.10 1936.2 Kashing
25%
Provisional Government 1939.5 1940.9 Kikiang
25%
Provisional Government 1939.4 1939.5 Kweiyang
25%
Provisional Government 1938.11 1939.4 Liuchow
25%
No matching quizzes found
Score Distribution
Percent of People with Each Score
Percentile by Number Answered
Your Score History
You have not taken this quiz